The Natal Law Society Act No. 53, 1979 together with Rules of the Council Code of Ethics (Record no. 1059)

MARC details
000 -LEADER
fixed length control field 00489nam a22001577a 4500
005 - DATE AND TIME OF INPUT
control field 20231129142118.0
008 - DATA ELEMENTS--GENERAL INFORMATION
fixed length control field 231129b |||||||| |||| 00| 0 eng d
041 ## - LANGUAGE CODE
Language code of text English / Afrikaans
082 ## - SHELF NUMBER
DDC number 340.06 NAT
100 ## - MAIN AUTHOR
Language of a work English / Afrikaans
245 ## - TITLE STATEMENT
Title The Natal Law Society Act No. 53, 1979 together with Rules of the Council Code of Ethics
260 ## - PUBLICATION, DISTRIBUTION, ETC.
Date of publication, distribution, etc. 1979
300 ## - PHYSICAL DESCRIPTION
Other physical details 41 pages ;
Dimensions 24 cm.
650 ## - SUBJECT`
Broad subject Legal practice
Own subject terms Law
942 ## - ADDED ENTRY ELEMENTS (KOHA)
Item type Books
942 ## - ADDED ENTRY ELEMENTS (KOHA)
-- ALISON_BN_VRIES
Holdings
Source of classification or shelving scheme Not for loan Collection code Home library Current library Shelving location Date acquired Full call number Barcode Price effective from Koha item type
Dewey Decimal Classification   TEXT BOOKS LAW SOCIETY OF NAMIBIA LIBRARY - WINDHOEK LAW SOCIETY OF NAMIBIA LIBRARY - WINDHOEK General Shelf 11/29/2023 340.06 NAT LSN/1989/1 11/29/2023 Books